000 00804nas a2200265 4500
001 BR2015000112
003 BR-BrBNA
005 20231205124900.0
007 ta
008 230509b bl.|||p| |||| 00| 00por d
040 _aBR-BrBNA
_bpor
_cBiblioteca Nacional de Agricultura
041 _a(Pt)
072 _aF03; K10
100 1 _aSilva, R.C. da
100 1 _aVieira, E.S.N.
100 1 _aPanobianco, M.
245 1 _aTécnicas para superação da dormência de sementes de guanandi
650 _aESPÉCIE NATIVA
650 _aSEMENTE FLORESTAL
650 _aGERMINAÇÃO
650 _aDORMÊNCIA
773 0 _tPesquisa Agropecuária Brasileira (Brazil)
_xISSN 0100-204X
_g(Sep 2014), v. 49(9) p. 719-727
_wBR2015000112
909 _a202311
_bLúcia
_c55
_dLúcia Elande
942 _2AGRIS
_n0
_cANA
999 _c241400
_d241400